000 01265nam a2200349 a 4500
001 000109024
003 CHAP
005 20220902133023.0
008 140328s2013 mx a sm |||||||spa d
010 _a105486
011 _a106458
040 _cCHAP
090 _aTesis
100 1 _aContreras Domínguez, Ociel
_9126127
245 1 0 _aPropuestas de manejo de los recursos naturales de la comunidad de San José el Chilar, Cuicatlan, Estado de Oaxaca /
_h[En línea]
_cpor Ociel Contreras Domínguez.
260 _aChapingo, Méx. :
_bEl autor.
_c2013
500 _aPara ver el contenido del material haga clic en la liga
502 _aTesis (Ing. en Recursos Naturales Renovables) -- UACH. Departamento de Suelos
590 _aBATCH-UPD
_b05
_c20141002
590 _aBATCH
_b00
_c20181121
590 _aE11695DGD
_b10
_c20141006
590 _aE11695DGD
_b10
_c20141103
590 _aE5652GLJ
_b05
_c20140328
650 1 4 _aDesarrollo sustentable
_zOaxaca.
_932106
650 1 4 _aMedio ambiente
_xPreservación.
_974105
650 1 4 _aRecursos naturales
_xAdministración
_zOaxaca.
_995182
856 _a1
_n0001688
856 _aFinding aid
_uhttp://10.13.5.2/tesis/sist109024.pdf
_zTeclea aquí
901 _aBK
942 _cTESIS
_2ddc
942 _n0
_2ddc
999 _c105486
_d105486